| 000 | 00849nam a2200289 a 4500 | ||
|---|---|---|---|
| 001 | 1445121 | ||
| 003 | OSt | ||
| 005 | 20140310182034.0 | ||
| 008 | 851227m19851987cau 000 0 eng | ||
| 010 | _a 85082564 | ||
| 020 | _a087083214X (set) | ||
| 020 | _a0870832131 (pbk. : set) | ||
| 040 |
_aDLC _cDLC _dDLC |
||
| 050 | 0 | 0 |
_aBS 605.2 _b.L477 1985 vol.1 |
| 082 | 0 | 0 |
_aHS 242 _bTr 76 1985 |
| 100 | 1 |
_aLee, Witness. _910557 |
|
| 245 | 1 | 0 |
_aTruth lessons / _cWitness Lee. |
| 250 | _a1st ed. | ||
| 260 |
_aAnaheim, Calif. : _bLiving Stream Ministry, _cc1985. |
||
| 300 |
_a158 p : _c22 cm. |
||
| 630 | 0 | 0 |
_aBible _xTextbooks. _910558 |
| 650 | 0 |
_aTheology, Doctrinal _xStudy and teaching. _910559 |
|
| 906 |
_a7 _bcbc _corignew _d3 _eopcn _f19 _gy-gencatlg |
||
| 942 |
_2lcc _cHS |
||
| 999 |
_c8650 _d8650 |
||